00341nam a2200109Ia 4500008004100000082002000041100001600061245003900077260002900116630003300145650005300178211118s9999||||xx |||||||||||||| ||und|| a894.8123bMUK-O aMukundan, M 0aOru Dalith Yuvathiude Kadana Katha bDC BooksaKottayamc1998 xMalayalam NovelGeneral Stack aMalayalam LiteraturevMalayalam FictionMalayalam